000 00810cam a22002651 4500
001 10816
003 BD-RjUL
005 20211208235024.0
008 140125s1966 ny 001 0 eng d
035 _a(BD-RjUL)10865
035 _a(OCoLC)537517
040 _aDLC
_cODaWU
_dDLC
_dBD-RjUL
_beng
041 _aeng
082 _a621.483
_bANU 1966
100 1 _aAnderson, William R.,
_d1921-2007.
_933439
245 1 4 _aThe useful atom /
_c William R., Anderson,
260 _aCleveland;
_bWorld Pub. Co.
_cc1966
300 _a191 p.
_billus.
_c21 cm.
650 0 _aNuclear engineering
_vJuvenile literature.
_933440
650 0 _aNuclear energy
_xIndustrial applications.
_933441
700 1 _aPizer, Vernon,
_d1918-
_ejoint author.
_933442
942 _2ddc
_cBK
999 _c10816
_d10816